00265nam a22001097a 4500008004100000020001800041041000800059080001000067100000600077101000800083245006400091170303b xxu||||| |||| 00| 0 eng d a9780632043699 aeng a575  a8 ashm aMoleculae and genetics analysis of human traitscMARONI.G